00467nam a2200169 450000500170000001000150001702000260003203500140005803700130007208200140008510000150009924500410011426000370015527000640019230000220025650000190027820200123122018.0 aENG-127521 c950.00a9788193588048 aEN-111053 bDBAD/PUB a712.60954 aNegi,Manoj aTea Gardens of India/cby Manoj Negi aNew DelhibThe Book Peoplec2017 aR-33,Sri Niwas Puri Near Ramdwara TemplebNew Delhie110065 av;222p.c24cm(hb) aincludes index